00414nam a22001457a 450000500170000000800410001702200130005804100120007108200120008310000120009524500330010726000730014030000300021365000250024320240903062611.0240903b |||||||| |||| 00| 0 eng d a10246991 aEnglish a349 NAM lEnglish aThe Namibian Law Report 2002 aWindhoek: bLegal Assistance Centre and Juta and Company Ltd, c2002 bxxx, 458 pages; c26 cm.  aLegal practice bLaw